[Event "World Chess Olympiad 2018"]
[Site "Batumi"]
[Date "2018.09.26"]
[Round "3"]
[Board "2"]
[WhiteFideId "1612468"]
[White "Diermair Andreas"]
[BlackFideId "10500499"]
[Black "Pg Md Omar Ak Hafizon"]
[Result "1/2-1/2"]
[LiveChessVersion "1.4.8"]
[BlackElo "2125"]
[WhiteElo "2501"]

1. c4 {[%clk 1:30:56]} Nf6 {[%clk 1:30:53]} 2. Nc3 {[%clk 1:31:09]} d5
{[%clk 1:31:14]} 3. cxd5 {[%clk 1:31:12]} Nxd5 {[%clk 1:31:28]} 4. g3
{[%clk 1:30:17]} Nxc3 {[%clk 1:28:43]} 5. bxc3 {[%clk 1:30:35]} Bd7
{[%clk 1:28:45]} 6. Nf3 {[%clk 1:29:34]} Bc6 {[%clk 1:26:47]} 7. Bg2
{[%clk 1:28:38]} e6 {[%clk 1:18:41]} 8. d3 {[%clk 1:23:13]} Be7 {[%clk 1:16:04]}
9. O-O {[%clk 1:22:42]} O-O {[%clk 1:16:12]} 10. Rb1 {[%clk 1:17:03]} Nd7
{[%clk 1:06:59]} 11. c4 {[%clk 1:09:14]} e5 {[%clk 0:57:58]} 12. Bb2
{[%clk 1:01:41]} Bf6 {[%clk 0:54:00]} 13. Ne1 {[%clk 0:56:32]} Bxg2
{[%clk 0:52:37]} 14. Nxg2 {[%clk 0:56:59]} Nc5 {[%clk 0:49:49]} 15. Ba3
{[%clk 0:56:27]} Be7 {[%clk 0:50:11]} 16. Ne3 {[%clk 0:50:26]} b6
{[%clk 0:46:48]} 17. Nf5 {[%clk 0:45:31]} Bd6 {[%clk 0:43:13]} 18. Qc1
{[%clk 0:35:49]} Ne6 {[%clk 0:37:57]} 19. Bb2 {[%clk 0:35:49]} f6
{[%clk 0:29:52]} 20. Rd1 {[%clk 0:30:04]} Bc5 {[%clk 0:28:26]} 21. e3
{[%clk 0:28:05]} Qe8 {[%clk 0:24:37]} 22. d4 {[%clk 0:26:56]} Qh5
{[%clk 0:20:03]} 23. Qc2 {[%clk 0:25:41]} Bd6 {[%clk 0:17:29]} 24. h4
{[%clk 0:21:14]} Rf7 {[%clk 0:15:23]} 25. Qe4 {[%clk 0:20:39]} Raf8
{[%clk 0:14:51]} 26. g4 {[%clk 0:15:47]} Qg6 {[%clk 0:15:10]} 27. h5
{[%clk 0:16:09]} Qg5 {[%clk 0:15:34]} 28. Kf1 {[%clk 0:12:48]} g6
{[%clk 0:12:31]} 29. hxg6 {[%clk 0:12:57]} hxg6 {[%clk 0:12:51]} 30. Nxd6
{[%clk 0:09:01]} cxd6 {[%clk 0:13:06]} 31. Rd2 {[%clk 0:08:00]} f5
{[%clk 0:09:23]} 32. Qd5 {[%clk 0:05:12]} Nc7 {[%clk 0:09:39]} 33. Qxd6
{[%clk 0:04:34]} fxg4 {[%clk 0:09:29]} 34. Qxe5 {[%clk 0:02:19]} Rf5
{[%clk 0:06:38]} 35. Qg3 {[%clk 0:01:58]} Rf3 {[%clk 0:06:34]} 36. Qe5
{[%clk 0:01:44]} R8f5 {[%clk 0:04:21]} 37. Qe4 {[%clk 0:01:00]} g3
{[%clk 0:02:40]} 38. d5 {[%clk 0:00:56]} gxf2 {[%clk 0:02:46]} 39. Ke2
{[%clk 0:00:37]} Qh5 {[%clk 0:01:04]} 40. Kd3 {[%clk 0:30:38]} f1=Q+
{[%clk 0:31:08]} 41. Rxf1 {[%clk 0:31:00]} Rxf1 {[%clk 0:31:30]} 42. d6
{[%clk 0:25:47]} Na6 {[%clk 0:26:05]} 43. Kc2 {[%clk 0:20:58]} Nc5
{[%clk 0:25:44]} 44. Qe8+ {[%clk 0:16:56]} Rf8 {[%clk 0:25:49]} 45. d7
{[%clk 0:16:14]} Qf5+ {[%clk 0:25:07]} 46. e4 {[%clk 0:15:16]} Nxe4
{[%clk 0:24:54]} 47. Qxf8+ {[%clk 0:12:52]} Qxf8 {[%clk 0:25:16]} 48. d8=Q
{[%clk 0:13:16]} Nxd2 {[%clk 0:25:31]} 49. Qd5+ {[%clk 0:12:31]} Kh7
{[%clk 0:24:36]} 50. Qd7+ {[%clk 0:09:47]} Rf7 {[%clk 0:23:56]} 51. Qh3+
{[%clk 0:10:00]} Qh6 {[%clk 0:23:35]} 52. Qc8 {[%clk 0:10:22]} Rg7
{[%clk 0:20:29]} 53. Bxg7 {[%clk 0:08:19]} Kxg7 {[%clk 0:19:26]} 54. Qd7+
{[%clk 0:08:32]} Kh8 {[%clk 0:14:34]} 55. Qd8+ {[%clk 0:07:37]} Kh7
{[%clk 0:12:33]} 56. Qe7+ {[%clk 0:07:40]} Qg7 {[%clk 0:10:53]} 57. Qh4+
{[%clk 0:08:07]} Kg8 {[%clk 0:10:42]} 58. Qd8+ {[%clk 0:08:09]} Qf8
{[%clk 0:10:27]} 59. Qd5+ {[%clk 0:08:07]} Qf7 {[%clk 0:10:38]} 60. Qd8+
{[%clk 0:08:13]} Kg7 {[%clk 0:10:38]} 61. Qd4+ {[%clk 0:08:21]} Qf6
{[%clk 0:09:52]} 62. Qd7+ {[%clk 0:08:13]} Kf8 {[%clk 0:09:56]} 63. Qc8+
{[%clk 0:05:49]} Ke7 {[%clk 0:08:39]} 64. Qb7+ {[%clk 0:05:21]} Ke8
{[%clk 0:08:34]} 65. Kxd2 {[%clk 0:02:42]} Qd4+ {[%clk 0:08:49]} 66. Ke1
{[%clk 0:02:54]} Qa1+ {[%clk 0:09:03]} 67. Kd2 {[%clk 0:02:39]} Qxa2+
{[%clk 0:09:06]} 68. Kc3 {[%clk 0:02:59]} Qa3+ {[%clk 0:09:11]} 69. Kc2
{[%clk 0:03:20]} Qc5 {[%clk 0:09:03]} 70. Qb8+ {[%clk 0:03:13]} Ke7
{[%clk 0:07:51]} 71. Qxa7+ {[%clk 0:03:37]} Ke6 {[%clk 0:07:17]} 72. Kb3
{[%clk 0:02:39]} g5 {[%clk 0:07:14]} 73. Qb7 {[%clk 0:02:22]} Qe3+
{[%clk 0:06:57]} 74. Ka4 {[%clk 0:02:10]} Kf5 {[%clk 0:07:05]} 75. Qd5+
{[%clk 0:01:54]} Kf4 {[%clk 0:07:06]} 76. Qd6+ {[%clk 0:01:59]} Kf3
{[%clk 0:07:02]} 77. Qd5+ {[%clk 0:01:41]} Kg3 {[%clk 0:05:33]} 78. Kb5
{[%clk 0:00:54]} g4 {[%clk 0:05:14]} 79. Qd6+ {[%clk 0:01:16]} Kh3
{[%clk 0:05:11]} 80. Ka6 {[%clk 0:00:44]} g3 {[%clk 0:04:39]} 81. Qd7+
{[%clk 0:00:59]} Kh2 {[%clk 0:04:56]} 82. Qh7+ {[%clk 0:01:23]} Kg1
{[%clk 0:05:12]} 83. Qb1+ {[%clk 0:01:45]} Kf2 {[%clk 0:05:17]} 84. Qb2+
{[%clk 0:01:48]} Kf1 {[%clk 0:04:55]} 85. Qb1+ {[%clk 0:02:07]} Kf2
{[%clk 0:04:32]} 86. Qb2+ {[%clk 0:02:29]} Qe2 {[%clk 0:04:40]} 87. Qxb6+
{[%clk 0:02:27]} Kf1 {[%clk 0:02:26]} 88. Qf6+ {[%clk 0:02:12]} Qf2
{[%clk 0:02:38]} 89. Qa1+ {[%clk 0:01:51]} Ke2 {[%clk 0:03:01]} 90. Qe5+
{[%clk 0:01:56]} Kd3 {[%clk 0:03:01]} 91. Qd5+ {[%clk 0:01:20]} Kc3
{[%clk 0:02:43]} 92. c5 {[%clk 0:01:13]} g2 {[%clk 0:02:41]} 93. Qe5+
{[%clk 0:01:15]} Kc4 {[%clk 0:02:02]} 94. Qe6+ {[%clk 0:01:37]} Kc3
{[%clk 0:02:05]} 95. Qe5+ {[%clk 0:01:05]} Kb4 {[%clk 0:02:01]} 96. Qe4+
{[%clk 0:00:42]} Kxc5 {[%clk 0:02:20]} 97. Qe5+ {[%clk 0:01:11]} Kc4
{[%clk 0:02:35]} 98. Qb5+ {[%clk 0:01:09]} Kc3 {[%clk 0:02:49]} 99. Qc6+
{[%clk 0:01:30]} Kd2 {[%clk 0:03:07]} 100. Qd6+ {[%clk 0:01:10]} Ke2
{[%clk 0:03:25]} 101. Qe5+ {[%clk 0:01:10]} Kf3 {[%clk 0:03:36]} 102. Qf5+
{[%clk 0:01:17]} Kg3 {[%clk 0:03:54]} 103. Qg6+ {[%clk 0:00:53]} Kh3
{[%clk 0:03:38]} 104. Qe6+ {[%clk 0:01:10]} Kh2 {[%clk 0:03:54]} 105. Qh6+
{[%clk 0:01:34]} Kg1 {[%clk 0:04:11]} 106. Kb7 {[%clk 0:01:53]} Qf3+
{[%clk 0:01:57]} 107. Kb8 {[%clk 0:02:06]} Kf2 {[%clk 0:01:57]} 108. Qd2+
{[%clk 0:02:07]} Kg3 {[%clk 0:02:17]} 109. Qg5+ {[%clk 0:01:27]} Qg4
{[%clk 0:02:30]} 110. Qe3+ {[%clk 0:01:53]} Kh2 {[%clk 0:02:48]} 111. Qh6+
{[%clk 0:01:51]} Qh3 {[%clk 0:02:57]} 112. Qd2 {[%clk 0:02:16]} Qh8+
{[%clk 0:01:56]} 113. Kb7 {[%clk 0:02:13]} Qh7+ {[%clk 0:01:56]} 114. Kb8
{[%clk 0:02:30]} Qg8+ {[%clk 0:02:08]} 115. Kb7 {[%clk 0:02:35]} Qf7+
{[%clk 0:02:19]} 116. Kb8 {[%clk 0:02:52]} Qe8+ {[%clk 0:02:06]} 117. Ka7
{[%clk 0:02:29]} Qe7+ {[%clk 0:01:44]} 118. Ka8 {[%clk 0:02:49]} Qe4+
{[%clk 0:01:35]} 119. Kb8 {[%clk 0:02:54]} Qe5+ {[%clk 0:01:09]} 120. Ka8
{[%clk 0:02:52]} Kg3 {[%clk 0:00:52]} 121. Qd3+ {[%clk 0:02:19]} Kf4
{[%clk 0:00:55]} 122. Qd2+ {[%clk 0:02:36]} Kf3 {[%clk 0:01:05]} 123. Qd3+
{[%clk 0:02:57]} Qe3 {[%clk 0:01:22]} 124. Qf5+ {[%clk 0:02:54]} Qf4
{[%clk 0:00:42]} 125. Qd3+ {[%clk 0:03:15]} Kf2 {[%clk 0:00:53]} 126. Qc2+
{[%clk 0:03:25]} Kg3 {[%clk 0:01:00]} 127. Qg6+ {[%clk 0:02:49]} Qg4
{[%clk 0:01:13]} 128. Qd6+ {[%clk 0:03:07]} Kf3 {[%clk 0:01:09]} 129. Qd3+
{[%clk 0:03:12]} Kf2 {[%clk 0:01:19]} 130. Qd2+ {[%clk 0:02:59]} Kg3
{[%clk 0:01:17]} 131. Qd6+ {[%clk 0:01:47]} Kh3 {[%clk 0:01:23]} 132. Qh6+
{[%clk 0:01:56]} Qh4 {[%clk 0:01:47]} 133. Qe3+ {[%clk 0:01:39]} Kh2
{[%clk 0:02:11]} 134. Qd2 {[%clk 0:01:42]} Qh5 {[%clk 0:02:15]} 135. Qf4+
{[%clk 0:01:38]} Kh1 {[%clk 0:02:27]} 136. Qe4 {[%clk 0:02:03]} Qa5+
{[%clk 0:01:41]} 137. Kb8 {[%clk 0:02:16]} Qb6+ {[%clk 0:01:24]} 138. Ka8
{[%clk 0:02:32]} Qa6+ {[%clk 0:01:25]} 139. Kb8 {[%clk 0:03:01]} Qf1
{[%clk 0:01:50]} 140. Qh4+ {[%clk 0:02:12]} Kg1 {[%clk 0:02:19]} 141. Qd4+
{[%clk 0:02:18]} Qf2 {[%clk 0:02:36]} 142. Qd1+ {[%clk 0:02:38]} Kh2
{[%clk 0:02:56]} 143. Qh5+ {[%clk 0:02:55]} Kg3 {[%clk 0:03:10]} 144. Qg5+
{[%clk 0:03:18]} Kf3 {[%clk 0:03:20]} 145. Qf5+ {[%clk 0:03:36]} Ke2
{[%clk 0:03:44]} 146. Qc2+ {[%clk 0:03:56]} Kf1 {[%clk 0:03:55]} 147. Qd1+
{[%clk 0:04:14]} Qe1 {[%clk 0:04:22]} 1/2-1/2

[Event "World Chess Olympiad 2018"]
[Site "Batumi"]
[Date "2018.09.26"]
[Round "3"]
[Board "3"]
[WhiteFideId "10500324"]
[White "Hj Azahari Md Aliuddin"]
[BlackFideId "13601270"]
[Black "Shengelia David"]
[Result "0-1"]
[LiveChessVersion "1.4.8"]
[BlackElo "2512"]
[WhiteElo "1991"]

1. e4 {[%clk 1:30:55]} c5 {[%clk 1:30:32]} 2. Nf3 {[%clk 1:31:05]} Nc6
{[%clk 1:30:20]} 3. Bb5 {[%clk 1:29:45]} e6 {[%clk 1:30:29]} 4. Bxc6
{[%clk 1:28:08]} dxc6 {[%clk 1:29:25]} 5. O-O {[%clk 1:27:08]} Ne7
{[%clk 1:29:01]} 6. d4 {[%clk 1:22:20]} cxd4 {[%clk 1:28:49]} 7. Nxd4
{[%clk 1:22:40]} e5 {[%clk 1:27:56]} 8. Nf3 {[%clk 1:18:53]} Qxd1
{[%clk 1:27:42]} 9. Rxd1 {[%clk 1:19:15]} f6 {[%clk 1:25:11]} 10. Be3
{[%clk 1:14:38]} Be6 {[%clk 1:11:07]} 11. Nbd2 {[%clk 1:11:35]} Nc8
{[%clk 1:10:44]} 12. Nb3 {[%clk 1:05:52]} b6 {[%clk 1:10:00]} 13. Nfd2
{[%clk 0:59:21]} Be7 {[%clk 1:09:29]} 14. a4 {[%clk 0:57:34]} a5 {[%clk 0:57:55]}
15. c4 {[%clk 0:44:16]} c5 {[%clk 0:55:45]} 16. Nc1 {[%clk 0:43:08]} Nd6
{[%clk 0:54:02]} 17. b3 {[%clk 0:41:57]} O-O-O {[%clk 0:53:26]} 18. Ne2
{[%clk 0:33:50]} f5 {[%clk 0:53:42]} 19. exf5 {[%clk 0:29:44]} Nxf5
{[%clk 0:53:48]} 20. Ne4 {[%clk 0:27:55]} Nd4 {[%clk 0:53:29]} 21. Nxd4
{[%clk 0:19:23]} exd4 {[%clk 0:53:24]} 22. Bg5 {[%clk 0:18:58]} Rhe8
{[%clk 0:53:03]} 23. Rd2 {[%clk 0:16:11]} Bf5 {[%clk 0:48:04]} 24. Bxe7
{[%clk 0:15:39]} Rxe7 {[%clk 0:48:30]} 25. Ng3 {[%clk 0:14:55]} Bg6
{[%clk 0:48:21]} 26. h4 {[%clk 0:13:56]} h5 {[%clk 0:43:01]} 27. Ne2
{[%clk 0:12:28]} Rf8 {[%clk 0:39:57]} 28. g3 {[%clk 0:07:41]} Rf3
{[%clk 0:35:54]} 29. Nf4 {[%clk 0:07:39]} Bf5 {[%clk 0:35:41]} 30. Rb2
{[%clk 0:06:31]} g6 {[%clk 0:33:26]} 31. Nd5 {[%clk 0:03:34]} Re6
{[%clk 0:33:16]} 32. Nf4 {[%clk 0:03:36]} Re5 {[%clk 0:32:54]} 33. Kf1
{[%clk 0:02:28]} g5 {[%clk 0:27:29]} 34. hxg5 {[%clk 0:02:14]} h4
{[%clk 0:27:56]} 35. Kg2 {[%clk 0:02:27]} Be4 {[%clk 0:27:58]} 36. Kh2
{[%clk 0:02:31]} Rxg5 {[%clk 0:24:34]} 37. Re1 {[%clk 0:02:24]} Rxf2+
{[%clk 0:22:16]} 38. Rxf2 {[%clk 0:02:32]} hxg3+ {[%clk 0:22:44]} 39. Kg1
{[%clk 0:02:44]} gxf2+ {[%clk 0:23:12]} 40. Kxf2 {[%clk 0:33:11]} Bc2
{[%clk 0:53:32]} 41. Re7 {[%clk 0:31:14]} Rf5 {[%clk 0:49:02]} 0-1

[Event "World Chess Olympiad 2018"]
[Site "Batumi"]
[Date "2018.09.26"]
[Round "3"]
[Board "4"]
[WhiteFideId "1621645"]
[White "Schreiner Peter"]
[BlackFideId "10501673"]
[Black "Sharikhan Shawal"]
[Result "1-0"]
[LiveChessVersion "1.4.8"]
[BlackElo "1712"]
[WhiteElo "2463"]

1. d4 {[%clk 1:30:45]} Nf6 {[%clk 1:30:36]} 2. c4 {[%clk 1:31:08]} g6
{[%clk 1:30:36]} 3. Nc3 {[%clk 1:31:30]} Bg7 {[%clk 1:31:00]} 4. e4
{[%clk 1:31:54]} d6 {[%clk 1:31:25]} 5. Be2 {[%clk 1:32:20]} O-O {[%clk 1:31:27]}
6. Bg5 {[%clk 1:32:45]} h6 {[%clk 1:30:17]} 7. Be3 {[%clk 1:33:04]} Nbd7
{[%clk 1:28:55]} 8. Qd2 {[%clk 1:23:25]} Kh7 {[%clk 1:27:59]} 9. g4
{[%clk 1:20:56]} Ng8 {[%clk 1:22:09]} 10. h4 {[%clk 1:12:39]} e5 {[%clk 1:18:21]}
11. d5 {[%clk 1:12:53]} Nb6 {[%clk 0:57:57]} 12. f3 {[%clk 0:55:11]} Bd7
{[%clk 0:52:21]} 13. h5 {[%clk 0:52:01]} g5 {[%clk 0:48:14]} 14. Nh3
{[%clk 0:48:46]} f6 {[%clk 0:42:50]} 15. Nf2 {[%clk 0:46:07]} Na4
{[%clk 0:38:42]} 16. Nxa4 {[%clk 0:45:08]} Bxa4 {[%clk 0:37:58]} 17. Nd3
{[%clk 0:45:01]} c5 {[%clk 0:28:24]} 18. dxc6 {[%clk 0:44:51]} Bxc6
{[%clk 0:28:13]} 19. O-O-O {[%clk 0:40:47]} Qc7 {[%clk 0:24:30]} 20. Nb4
{[%clk 0:39:45]} Rfd8 {[%clk 0:22:53]} 21. Kb1 {[%clk 0:39:23]} Ne7
{[%clk 0:20:53]} 22. Rc1 {[%clk 0:38:08]} Qa5 {[%clk 0:17:34]} 23. Rhd1
{[%clk 0:36:46]} Bf8 {[%clk 0:15:05]} 24. Nd5 {[%clk 0:33:34]} Qxd2
{[%clk 0:13:34]} 25. Rxd2 {[%clk 0:33:53]} Ng8 {[%clk 0:03:02]} 26. Nc7
{[%clk 0:32:14]} Rac8 {[%clk 0:03:26]} 27. Ne6 {[%clk 0:32:35]} Rd7
{[%clk 0:02:56]} 28. Nxf8+ {[%clk 0:32:27]} Rxf8 {[%clk 0:02:37]} 29. Bxa7
{[%clk 0:31:31]} Ne7 {[%clk 0:02:29]} 30. Bf2 {[%clk 0:26:30]} Ra8
{[%clk 0:01:59]} 31. Rcd1 {[%clk 0:26:27]} Nc8 {[%clk 0:01:20]} 32. c5
{[%clk 0:25:10]} Kg8 {[%clk 0:00:37]} 33. cxd6 {[%clk 0:24:46]} 1-0

[Event "World Chess Olympiad 2018"]
[Site "Batumi"]
[Date "2018.09.26"]
[Round "3"]
[Board "1"]
[WhiteFideId "6501311"]
[White "Duran Vega Sergio"]
[BlackFideId "7300069"]
[Black "Reyes Najera Carlos A."]
[Result "1-0"]
[LiveChessVersion "1.4.8"]
[BlackElo "2149"]
[WhiteElo "2401"]

1. d4 {[%clk 1:30:55]} Nf6 {[%clk 1:27:41]} 2. c4 {[%clk 1:31:17]} e6
{[%clk 1:27:31]} 3. Nf3 {[%clk 1:29:44]} d5 {[%clk 1:27:41]} 4. g3
{[%clk 1:29:37]} Be7 {[%clk 1:22:46]} 5. Bg2 {[%clk 1:29:54]} O-O
{[%clk 1:22:46]} 6. O-O {[%clk 1:30:12]} dxc4 {[%clk 1:22:05]} 7. Qc2
{[%clk 1:30:25]} a6 {[%clk 1:19:41]} 8. a4 {[%clk 1:30:45]} Bd7 {[%clk 1:16:42]}
9. Qxc4 {[%clk 1:31:03]} Bc6 {[%clk 1:16:58]} 10. Bg5 {[%clk 1:31:08]} Bd5
{[%clk 1:16:42]} 11. Qc2 {[%clk 1:24:55]} Be4 {[%clk 1:16:23]} 12. Qd1
{[%clk 1:23:12]} Nc6 {[%clk 1:10:51]} 13. Nc3 {[%clk 1:08:14]} Bxf3
{[%clk 1:04:48]} 14. Bxf3 {[%clk 1:08:42]} Qxd4 {[%clk 1:05:04]} 15. Qxd4
{[%clk 1:06:46]} Nxd4 {[%clk 1:04:54]} 16. Bxb7 {[%clk 1:07:08]} Ra7
{[%clk 1:04:25]} 17. Bg2 {[%clk 1:05:41]} Rb8 {[%clk 0:57:38]} 18. Rad1
{[%clk 0:59:51]} c5 {[%clk 0:57:28]} 19. e3 {[%clk 0:57:52]} Nf5 {[%clk 0:43:51]}
20. Rd2 {[%clk 0:57:22]} h6 {[%clk 0:38:28]} 21. Bf4 {[%clk 0:55:57]} Rb3
{[%clk 0:32:38]} 22. Ne2 {[%clk 0:37:43]} Rd7 {[%clk 0:27:03]} 23. Rfd1
{[%clk 0:33:19]} Rxd2 {[%clk 0:25:36]} 24. Rxd2 {[%clk 0:33:42]} Rb4
{[%clk 0:19:47]} 25. Nc3 {[%clk 0:31:34]} g5 {[%clk 0:15:30]} 26. Bc7
{[%clk 0:24:31]} g4 {[%clk 0:14:05]} 27. Bf1 {[%clk 0:19:55]} Nh7
{[%clk 0:09:35]} 28. Bxa6 {[%clk 0:14:41]} Ng5 {[%clk 0:10:01]} 29. Kf1
{[%clk 0:09:18]} Nf3 {[%clk 0:10:12]} 30. Rc2 {[%clk 0:09:37]} Bf6
{[%clk 0:09:27]} 31. Ke2 {[%clk 0:04:43]} Bxc3 {[%clk 0:09:19]} 32. bxc3
{[%clk 0:05:03]} Rxa4 {[%clk 0:09:47]} 33. Bb7 {[%clk 0:02:49]} Ra7
{[%clk 0:09:33]} 34. Rb2 {[%clk 0:03:11]} Nxh2 {[%clk 0:09:49]} 35. e4
{[%clk 0:02:12]} Ng7 {[%clk 0:05:45]} 36. Bf4 {[%clk 0:02:11]} Nf3
{[%clk 0:05:08]} 37. e5 {[%clk 0:00:33]} Nf5 {[%clk 0:04:43]} 38. Bxf3
{[%clk 0:00:46]} gxf3+ {[%clk 0:05:08]} 39. Kxf3 {[%clk 0:01:12]} Ra3
{[%clk 0:04:45]} 40. Bd2 {[%clk 0:31:41]} h5 {[%clk 0:33:10]} 41. Rb8+
{[%clk 0:28:03]} Kh7 {[%clk 0:28:46]} 42. Rc8 {[%clk 0:27:11]} Ra5
{[%clk 0:22:02]} 43. Bg5 {[%clk 0:24:25]} Kg6 {[%clk 0:18:53]} 44. Bf6
{[%clk 0:23:45]} Nh6 {[%clk 0:18:47]} 45. Ke4 {[%clk 0:03:15]} Ra4+
{[%clk 0:08:11]} 46. Kd3 {[%clk 0:02:28]} Ra2 {[%clk 0:07:02]} 47. f3
{[%clk 0:02:27]} Rg2 {[%clk 0:06:46]} 48. Rxc5 {[%clk 0:02:04]} Rxg3
{[%clk 0:07:01]} 49. Ke4 {[%clk 0:02:23]} Rg1 {[%clk 0:04:29]} 50. Ra5
{[%clk 0:02:07]} Re1+ {[%clk 0:04:52]} 51. Kf4 {[%clk 0:01:29]} Rc1
{[%clk 0:03:53]} 52. Rc5 {[%clk 0:01:40]} Nf5 {[%clk 0:03:45]} 53. Rc8
{[%clk 0:01:39]} Nh6 {[%clk 0:03:30]} 54. c4 {[%clk 0:00:56]} Rh1
{[%clk 0:03:46]} 55. c5 {[%clk 0:00:46]} h4 {[%clk 0:03:57]} 56. c6
{[%clk 0:00:56]} Rc1 {[%clk 0:03:50]} 57. c7 {[%clk 0:00:44]} Rc4+
{[%clk 0:04:15]} 58. Ke3 {[%clk 0:01:04]} h3 {[%clk 0:04:26]} 59. Kf2
{[%clk 0:00:48]} Rc2+ {[%clk 0:04:33]} 60. Kg1 {[%clk 0:01:05]} h2+
{[%clk 0:01:33]} 61. Kh1 {[%clk 0:01:34]} Kh5 {[%clk 0:01:13]} 62. Rh8
{[%clk 0:01:11]} Rxc7 {[%clk 0:01:01]} 63. Bg7 {[%clk 0:01:36]} Rc2
{[%clk 0:00:37]} 64. Rxh6+ {[%clk 0:01:49]} Kg5 {[%clk 0:00:38]} 65. Rxh2
{[%clk 0:01:57]} Rc1+ {[%clk 0:00:37]} 66. Kg2 {[%clk 0:02:26]} Kf5
{[%clk 0:00:42]} 67. Bf6 {[%clk 0:02:12]} Rc2+ {[%clk 0:00:40]} 68. Kg3
{[%clk 0:02:39]} Rc8 {[%clk 0:00:35]} 69. Rh7 {[%clk 0:02:40]} Rc7
{[%clk 0:00:46]} 70. Rg7 {[%clk 0:03:01]} 1-0

[Event "World Chess Olympiad 2018"]
[Site "Batumi"]
[Date "2018.09.26"]
[Round "3"]
[Board "2"]
[WhiteFideId "7300662"]
[White "Cu Hor Winston Darwin"]
[BlackFideId "6500331"]
[Black "Valdes Romero Leonardo"]
[Result "0-1"]
[LiveChessVersion "1.4.8"]
[BlackElo "2398"]
[WhiteElo "2319"]

1. Nf3 {[%clk 1:30:56]} Nf6 {[%clk 1:30:54]} 2. c4 {[%clk 1:31:08]} g6
{[%clk 1:31:19]} 3. Nc3 {[%clk 1:31:24]} Bg7 {[%clk 1:31:31]} 4. d4
{[%clk 1:31:46]} O-O {[%clk 1:31:15]} 5. e3 {[%clk 1:32:01]} d6 {[%clk 1:31:39]}
6. Be2 {[%clk 1:32:18]} Nbd7 {[%clk 1:32:03]} 7. O-O {[%clk 1:32:39]} e5
{[%clk 1:32:29]} 8. Qc2 {[%clk 1:32:54]} Re8 {[%clk 1:32:51]} 9. Rd1
{[%clk 1:33:13]} e4 {[%clk 1:31:16]} 10. Nd2 {[%clk 1:33:36]} Qe7
{[%clk 1:31:41]} 11. b4 {[%clk 1:33:57]} h5 {[%clk 1:31:38]} 12. Bb2
{[%clk 1:33:59]} c6 {[%clk 1:24:34]} 13. Rac1 {[%clk 1:32:50]} Nf8
{[%clk 1:24:21]} 14. d5 {[%clk 1:31:54]} N8h7 {[%clk 1:14:57]} 15. c5
{[%clk 1:18:55]} Nxd5 {[%clk 0:47:46]} 16. cxd6 {[%clk 0:57:10]} Qxd6
{[%clk 0:45:22]} 17. Ndxe4 {[%clk 0:55:18]} Qxb4 {[%clk 0:44:43]} 18. Nxd5
{[%clk 0:55:18]} cxd5 {[%clk 0:41:58]} 19. Bxg7 {[%clk 0:55:19]} Kxg7
{[%clk 0:42:18]} 20. Qc3+ {[%clk 0:51:49]} Qxc3 {[%clk 0:38:34]} 21. Nxc3
{[%clk 0:52:17]} Nf6 {[%clk 0:34:38]} 22. Rb1 {[%clk 0:40:43]} Re7
{[%clk 0:25:00]} 23. Nxd5 {[%clk 0:38:04]} Nxd5 {[%clk 0:25:19]} 24. Rxd5
{[%clk 0:38:28]} Be6 {[%clk 0:25:40]} 25. Ra5 {[%clk 0:35:41]} b6
{[%clk 0:22:36]} 26. Ra3 {[%clk 0:23:09]} Rc8 {[%clk 0:22:42]} 27. Bd3
{[%clk 0:17:59]} Rec7 {[%clk 0:21:21]} 28. Rd1 {[%clk 0:16:21]} Rc1
{[%clk 0:18:25]} 29. Rf1 {[%clk 0:14:41]} R1c3 {[%clk 0:18:34]} 30. Rxc3
{[%clk 0:13:45]} Rxc3 {[%clk 0:18:59]} 31. Bb5 {[%clk 0:11:35]} Bxa2
{[%clk 0:18:26]} 32. Ra1 {[%clk 0:11:41]} Rc2 {[%clk 0:12:46]} 33. h3
{[%clk 0:11:43]} Rb2 {[%clk 0:10:51]} 34. Ba6 {[%clk 0:11:44]} h4
{[%clk 0:10:23]} 35. Kf1 {[%clk 0:09:43]} Kf6 {[%clk 0:10:32]} 36. Ke1
{[%clk 0:09:58]} Ke5 {[%clk 0:09:32]} 37. Rd1 {[%clk 0:08:47]} Rb1
{[%clk 0:08:19]} 38. Rxb1 {[%clk 0:08:51]} Bxb1 {[%clk 0:08:44]} 39. Kd2
{[%clk 0:09:16]} Kd6 {[%clk 0:08:30]} 40. f3 {[%clk 0:35:19]} Ba2
{[%clk 0:38:34]} 41. e4 {[%clk 0:35:04]} Ke5 {[%clk 0:38:06]} 0-1

[Event "World Chess Olympiad 2018"]
[Site "Batumi"]
[Date "2018.09.26"]
[Round "3"]
[Board "3"]
[WhiteFideId "6500170"]
[White "Gonzalez Acosta Bernal"]
[BlackFideId "7300220"]
[Black "Ortiz Q Johnny Alexander"]
[Result "1-0"]
[LiveChessVersion "1.4.8"]
[BlackElo "2207"]
[WhiteElo "2452"]

1. d4 {[%clk 1:30:56]} d5 {[%clk 1:30:54]} 2. c4 {[%clk 1:31:23]} e6
{[%clk 1:31:21]} 3. Nf3 {[%clk 1:31:50]} Nf6 {[%clk 1:31:47]} 4. g3
{[%clk 1:32:17]} Be7 {[%clk 1:32:12]} 5. Bg2 {[%clk 1:32:44]} O-O
{[%clk 1:32:36]} 6. O-O {[%clk 1:33:11]} dxc4 {[%clk 1:33:02]} 7. Qc2
{[%clk 1:33:37]} a6 {[%clk 1:33:27]} 8. a4 {[%clk 1:34:04]} Bd7 {[%clk 1:33:50]}
9. Qxc4 {[%clk 1:34:22]} Bc6 {[%clk 1:34:18]} 10. Bf4 {[%clk 1:34:31]} Nbd7
{[%clk 1:25:14]} 11. Nc3 {[%clk 1:33:56]} Nb6 {[%clk 1:25:06]} 12. Qb3
{[%clk 1:32:22]} Nbd5 {[%clk 1:24:59]} 13. Bc1 {[%clk 1:23:32]} Nxc3
{[%clk 1:09:05]} 14. bxc3 {[%clk 1:23:57]} b5 {[%clk 1:08:43]} 15. Bg5
{[%clk 1:05:11]} Bd5 {[%clk 0:58:58]} 16. Qb2 {[%clk 1:04:36]} c6
{[%clk 0:58:33]} 17. Ne5 {[%clk 1:01:20]} Bxg2 {[%clk 0:55:52]} 18. Kxg2
{[%clk 1:01:46]} c5 {[%clk 0:41:21]} 19. f3 {[%clk 0:46:15]} cxd4
{[%clk 0:37:48]} 20. cxd4 {[%clk 0:46:32]} Qd5 {[%clk 0:33:36]} 21. Rfc1
{[%clk 0:41:00]} Qb7 {[%clk 0:25:47]} 22. Nc6 {[%clk 0:38:30]} h6
{[%clk 0:23:37]} 23. Bd2 {[%clk 0:36:05]} Bd6 {[%clk 0:12:22]} 24. e4
{[%clk 0:35:04]} Bc7 {[%clk 0:11:28]} 25. Rab1 {[%clk 0:32:20]} Ne8
{[%clk 0:05:36]} 26. Rc2 {[%clk 0:28:30]} Nd6 {[%clk 0:03:01]} 27. Bf4
{[%clk 0:28:10]} g5 {[%clk 0:02:52]} 28. Be5 {[%clk 0:25:01]} f6 {[%clk 0:02:22]}
29. Bxd6 {[%clk 0:25:13]} Bxd6 {[%clk 0:02:51]} 30. axb5 {[%clk 0:25:28]} axb5
{[%clk 0:02:37]} 31. Qxb5 {[%clk 0:18:19]} Qxb5 {[%clk 0:02:04]} 32. Rxb5
{[%clk 0:18:43]} Rfc8 {[%clk 0:02:00]} 33. Rb7 {[%clk 0:17:59]} Kf8
{[%clk 0:01:12]} 34. Rd7 {[%clk 0:16:30]} Ba3 {[%clk 0:01:34]} 35. d5
{[%clk 0:16:40]} Ra6 {[%clk 0:01:02]} 36. Ra2 {[%clk 0:16:02]} Rca8
{[%clk 0:00:36]} 37. Nd4 {[%clk 0:15:10]} exd5 {[%clk 0:00:52]} 38. exd5
{[%clk 0:15:34]} Bd6 {[%clk 0:00:56]} 39. Rxa6 {[%clk 0:15:22]} Rxa6
{[%clk 0:01:24]} 40. Nf5 {[%clk 0:44:42]} Be5 {[%clk 0:31:39]} 41. Nxh6
{[%clk 0:43:37]} Ke8 {[%clk 0:31:37]} 42. Rb7 {[%clk 0:40:58]} Ra5
{[%clk 0:31:33]} 43. h4 {[%clk 0:35:51]} Rxd5 {[%clk 0:22:18]} 44. h5
{[%clk 0:34:30]} Rd2+ {[%clk 0:17:50]} 45. Kh3 {[%clk 0:34:56]} Rd3
{[%clk 0:18:10]} 46. Nf5 {[%clk 0:34:19]} Kf8 {[%clk 0:09:43]} 47. h6
{[%clk 0:29:50]} Kg8 {[%clk 0:10:05]} 48. Rg7+ {[%clk 0:28:35]} Kh8
{[%clk 0:10:22]} 49. Ne7 {[%clk 0:28:30]} 1-0